Famous Communists #1 - Statistics

General Stats
  • This quiz has been taken 203 times
  • The average score is 10 of 19
Answer Stats
Hint Answer % Correct
VIU/VL The first leader of the USSR Vladimir Lenin
93%
HCM A Vietnamese Communist revolutionary leader, PM and President Ho Chi Minh
84%
FE A friend of Karl Marx with whom he wrote The Communist Manifesto Friedrich Engels
83%
LT A revolutionary who lost to Stalin and founded the 4th International Leon Trotsky
83%
PP A Cambodian Prime Minister who led the Khmer Rouge group Pol Pot
83%
RC The current President of Cuba {Raúl} Castro
82%
NK The leader of the USSR after Stalin's death, during the Cuban Missile Crisis Nikita Khrushchev
77%
YG The first human in space Yuri Gagarin
76%
!CC An English comic actor who rose to fame during the silent movies era Charlie Chaplin
73%
PP A Spanish-French artist who co-invented Cubism, collage, and assemblage Pablo Picasso
67%
LHO An American former Marine who assassinated President John F. Kennedy Lee Harvey Oswald
66%
N The name of a pig that represented Stalin in G. Orwell's novel Animal farm Napoleon
57%
AC A French Algerian existentialist writer, author of The Stranger Albert Camus
40%
PN A Chilean poet-diplomat and politician who won the Nobel Prize Pablo Neruda
32%
JR An American journalist who wrote Ten Days That Shook the World, a book about the Bolshevik Revolution John Reed
16%
TT A Romanian-French artist and inventor of Dadaism Tristan Tzara
12%
!SS A French actress who won an Academy Award for her role in Room at the Top Simone Signoret
11%
WW A friend and supporter of Marx nicknamed "Lupus" Wilhelm Wolff
8%
NG A Norwegian writer, Friend of the Soviet Union, author of Til ungdommen (For the Youth) Nordahl {Grieg}
6%
No matching quizzes found
Score Distribution
Percent of People with Each Score
Percentile by Number Answered
Your Score History
You have not taken this quiz